Plastic processing for profit : injection molding RETEC '88 preprints : September 28, 29 and 30, 1988 Sheraton International O'Hare Hotel, Rosemont, Illinois /

Bibliographic Details
Corporate Authors: Society of Plastics Engineers. Regional Technical Conference, Society of Plastics Engineers. Chicago Section, Society of Plastics Engineers. Milwaukee Section
Format: Book
Language:English
Published: [Brookfield Center, Conn.] : Society of Plastics Engineers, [1988]
Subjects:

MARC

Tag First Indicator Second Indicator Subfields
LEADER 00000cam a2200000 a 4500
001 in00001044813
005 20150929084322.0
008 890524s1988 ctua b 100 0 eng d
035 |a (OCoLC)19758925 
035 |9 AFK5498AM 
040 |a LHL  |c LHL  |d TXA  |d UtOrBLW 
049 |a TXAM 
090 |a TP1150  |b .P66 1988 
245 0 0 |a Plastic processing for profit :  |b injection molding RETEC '88 preprints : September 28, 29 and 30, 1988 Sheraton International O'Hare Hotel, Rosemont, Illinois /  |c the Chicago Section and Milwaukee Section of SPE. 
264 1 |a [Brookfield Center, Conn.] :  |b Society of Plastics Engineers,  |c [1988] 
300 |a 1 volume (various pagings) :  |b illustrations ;  |c 28 cm. 
336 |a text  |b txt  |2 rdacontent 
337 |a unmediated  |b n  |2 rdamedia 
338 |a volume  |b nc  |2 rdacarrier 
504 |a Includes bibliographical references. 
650 0 |a Injection molding of plastics  |x Congresses. 
710 2 |a Society of Plastics Engineers.  |b Regional Technical Conference  |d (1988 :  |c Rosemont, IL) 
710 2 |a Society of Plastics Engineers.  |b Chicago Section. 
710 2 |a Society of Plastics Engineers.  |b Milwaukee Section. 
999 |a MARS 
999 f f |s f710cacb-acb7-3c53-b925-6f2e10403a31  |i b1bf4a5d-8013-38d3-8226-c180f0717c23  |t 0 
952 f f |p ric  |a Texas A&M University  |b Rellis Campus  |c Joint Library Facility  |d Remote Storage  |t 0  |e TP1150 .P66 1988  |h Library of Congress classification  |i unmediated -- volume  |m A14815578251 
998 f f |a TP1150 .P66 1988  |t 0  |l Remote Storage